The method of noncommutative integration for linear differential equations. Functional algebras and noncommutative dimensional reduction; Theoretical and Mathematical Physics; Vol. 106, iss. 1

Dades bibliogràfiques
Parent link:Theoretical and Mathematical Physics: Scientific Journal
Vol. 106, iss. 1.— 1996.— [P. 1-10]
Autor principal: Shapovalov A. V. Aleksandr Vasilyevich
Altres autors: Shirokov I. V.
Sumari:Title screen
The method of noncommutative integration for linear partial differential equations [1] is extended to the case of the so-called functional algebras for which the commutators of their generators are nonlinear functions of the same generators. The linear functions correspond to Lie algebras, whereas the quadratics are associated with the so-called quadratic algebras having wide applications in quantum field theory. A nontrivial example of integration of the Klein-Gordon equation in a curved space not allowing separation of variables is considered. A classification of four- and five-dimensional quadratic algebras is performed.A method of dimensional reduction for noncommutatively integrable many-dimensional partial differential equations is suggested. Generally, the reduced equation has a complicated functional symmetry algebra. The method permits integration of the reduced equation without the use of the explicit form of its functional algebra.
Режим доступа: по договору с организацией-держателем ресурса
Idioma:anglès
Publicat: 1996
Matèries:
Accés en línia:http://link.springer.com/article/10.1007%2FBF02070758
Format: MixedMaterials Electrònic Capítol de llibre
KOHA link:https://koha.lib.tpu.ru/cgi-bin/koha/opac-detail.pl?biblionumber=636597

MARC

LEADER 00000n|a0a2200000 4500
001 636597
005 20250401085411.0
035 |a (RuTPU)RU\TPU\network\627 
035 |a RU\TPU\network\623 
090 |a 636597 
100 |a 20140218d1996 k||y0rusy50 ba 
101 0 |a eng 
102 |a US 
135 |a drnn ---uucaa 
181 0 |a i  
182 0 |a b 
200 1 |a The method of noncommutative integration for linear differential equations. Functional algebras and noncommutative dimensional reduction  |f A. V. Shapovalov, I. V. Shirokov 
203 |a Text  |c electronic 
300 |a Title screen 
320 |a [References: p. 10 (12 tit.)] 
330 |a The method of noncommutative integration for linear partial differential equations [1] is extended to the case of the so-called functional algebras for which the commutators of their generators are nonlinear functions of the same generators. The linear functions correspond to Lie algebras, whereas the quadratics are associated with the so-called quadratic algebras having wide applications in quantum field theory. A nontrivial example of integration of the Klein-Gordon equation in a curved space not allowing separation of variables is considered. A classification of four- and five-dimensional quadratic algebras is performed.A method of dimensional reduction for noncommutatively integrable many-dimensional partial differential equations is suggested. Generally, the reduced equation has a complicated functional symmetry algebra. The method permits integration of the reduced equation without the use of the explicit form of its functional algebra. 
333 |a Режим доступа: по договору с организацией-держателем ресурса 
461 |t Theoretical and Mathematical Physics  |o Scientific Journal 
463 |t Vol. 106, iss. 1  |v [P. 1-10]  |d 1996 
610 1 |a электронный ресурс 
610 1 |a труды учёных ТПУ 
700 1 |a Shapovalov  |b A. V.  |c mathematician  |c Professor of Tomsk Polytechnic University, Doctor of physical and mathematical sciences  |f 1949-  |g Aleksandr Vasilyevich  |3 (RuTPU)RU\TPU\pers\31734 
701 1 |a Shirokov  |b I. V. 
801 2 |a RU  |b 63413507  |c 20180306  |g RCR 
856 4 |u http://link.springer.com/article/10.1007%2FBF02070758 
942 |c CF